<?xml version="1.0" encoding="UTF-8"?>
<collection xmlns="http://www.loc.gov/MARC21/slim">
 <record>
  <leader>01839nmm a2200301   4500</leader>
  <controlfield tag="001">1/51347</controlfield>
  <controlfield tag="008">070216s1996    fr     f   ba       eng  </controlfield>
  <datafield tag="020" ind1=" " ind2=" ">
   <subfield code="a">0784914079</subfield>
  </datafield>
  <datafield tag="035" ind1=" " ind2=" ">
   <subfield code="l">34544</subfield>
  </datafield>
  <datafield tag="040" ind1=" " ind2=" ">
   <subfield code="a">GR-PeUP</subfield>
  </datafield>
  <datafield tag="082" ind1="0" ind2="0">
   <subfield code="a">CD-ROM 378.2 HIG</subfield>
  </datafield>
  <datafield tag="245" ind1="0" ind2="4">
   <subfield code="a">Higher score guaranteed on the GMAT - GRE - LSAT/</subfield>
   <subfield code="c">[by the staff of Kaplan Education Centers]</subfield>
   <subfield code="h">[Computer data].</subfield>
  </datafield>
  <datafield tag="246" ind1="3" ind2=" ">
   <subfield code="a">Kaplan.</subfield>
  </datafield>
  <datafield tag="250" ind1=" " ind2=" ">
   <subfield code="a">Version 2.0, edition 99.</subfield>
  </datafield>
  <datafield tag="256" ind1=" " ind2=" ">
   <subfield code="a">Computer file.</subfield>
  </datafield>
  <datafield tag="260" ind1="0" ind2=" ">
   <subfield code="a">[New York, N.Y.]:</subfield>
   <subfield code="b">Kaplan Educational Centers,</subfield>
   <subfield code="c">c1998.</subfield>
  </datafield>
  <datafield tag="300" ind1=" " ind2=" ">
   <subfield code="a">3 οπτικoί δίσκοι λέιζερ Η/Υ:</subfield>
   <subfield code="b">έγχρ.;</subfield>
   <subfield code="c">4 3/4 ίν. +</subfield>
   <subfield code="e">1 εγχειρίδιο χρήστη + 17 διαγνωστικά και τελικά διαγωνίσματα.</subfield>
  </datafield>
  <datafield tag="500" ind1=" " ind2=" ">
   <subfield code="a">Στο εξώφυλλο: 1st in test prep for 60 years.</subfield>
  </datafield>
  <datafield tag="500" ind1=" " ind2=" ">
   <subfield code="a">Στο εξώφυλλο: 1st best - selling graduate test prep software.</subfield>
  </datafield>
  <datafield tag="500" ind1=" " ind2=" ">
   <subfield code="a">Στο εξώφυλλο: knowledge adventure.</subfield>
  </datafield>
  <datafield tag="538" ind1=" " ind2=" ">
   <subfield code="a">Ελάχιστες απαιτήσεις: Microsoft Windows 95 or NT: 3.1or higher, 486 SX or higher, 50 MHz, 13.5 MB of hard disk space, 8 MB RAM, 16 MB to run with Internet browser, 640X480/256 colors, 2 X CD-ROM, 16-bit audio. Macintosh: system 7.0 or higher, 68040 or higher, 18 MB of hard disk space, 8 MB RAM, 16.5 MB to run with Internet browser, 640X480/256 colors, 2 X CD-ROM, 8-bit audio.</subfield>
  </datafield>
  <datafield tag="650" ind1=" " ind2="4">
   <subfield code="a">CD-ROMs.</subfield>
  </datafield>
  <datafield tag="650" ind1=" " ind2="4">
   <subfield code="a">Graduate Record Examination</subfield>
   <subfield code="x">Study guides</subfield>
   <subfield code="x">CD-ROMs.</subfield>
  </datafield>
  <datafield tag="650" ind1=" " ind2="4">
   <subfield code="a">Graduate Management Admission Test</subfield>
   <subfield code="x">Study guides</subfield>
   <subfield code="x">CD-ROMs.</subfield>
  </datafield>
  <datafield tag="650" ind1=" " ind2="4">
   <subfield code="a">Management</subfield>
   <subfield code="x">Examinations, questions, etc.</subfield>
   <subfield code="x">CD-ROMs.</subfield>
  </datafield>
  <datafield tag="650" ind1=" " ind2="4">
   <subfield code="a">Business</subfield>
   <subfield code="x">Examinations, questions, etc.</subfield>
   <subfield code="x">CD-ROMs.</subfield>
  </datafield>
  <datafield tag="650" ind1=" " ind2="4">
   <subfield code="a">Law School Admission Test</subfield>
   <subfield code="x">Study guides</subfield>
   <subfield code="x">CD-ROMs.</subfield>
  </datafield>
  <datafield tag="852" ind1=" " ind2=" ">
   <subfield code="a">INST</subfield>
   <subfield code="b">UNIPILB</subfield>
   <subfield code="c">MMEDIA</subfield>
   <subfield code="e">20070221</subfield>
   <subfield code="h">CD-ROM 378.2 HIG</subfield>
   <subfield code="p">00152181</subfield>
   <subfield code="q">00152181</subfield>
   <subfield code="t">NOLOAN</subfield>
   <subfield code="y">23</subfield>
   <subfield code="4">1</subfield>
  </datafield>
 </record>
</collection>
